000 00323nam a2200133Ia 4500
008 240624s9999 xx 000 0 und d
041 _aeng
082 _a005.43 ICF
100 _aICFAI
245 _aOPERATING SYSTEMS WORKBOOK
260 _c2005
_aHyderabad
_bICFAI University
300 _a133 : p. : cm. ; 26
365 _cRS
999 _c6102
_d6102